| Поле | Инд. | ПП | Название | Значение |
|---|---|---|---|---|
| Тип записи | m | |||
| Библиографический уровень | m | |||
| 001 | Контрольный номер | a79aaca14b094b60b1dd703d41b574a5 | ||
| 005 | Дата корректировки | 20190411092837.6 | ||
| 008 | Кодируемые данные | 190214|||||||||ru |||||||||||||||||rus|| | ||
| 020 | a | ISBN | 978-5-86185-960-8 | |
| 041 | 0_ | a | Код языка текста | rus |
| 084 | a | Индекс другой классификации/Индекс ББК | 81.2Англ-923+39.478.24 | |
| 090 | x | Авторский знак | Д 93 | |
| 100 | 1_ | a | Автор | Дьяченко И. И. |
| 245 | 10 | a | Заглавие | Английский язык для судовых радиоинженеров |
| b | Продолж. заглавия | учеб. пособие по дисциплинам "Профессиональный английский язык" и "Деловой иностранный язык"для курсантов третьего и четвертого курсов специальности 25.05.03 "Техническая эксплуатация транспортного радиооборудования" | ||
| c | Ответственность | М-во образования и науки Рос. Федерации, ФГБОУ ВО "Мурман. гос. техн. ун-т" | ||
| h | Физич. носитель | Электронный ресурс | ||
| 246 | 01 | a | Другая форма заглавия | English for Marine Radio Engineers |
| 256 | a | Характеристики компьютерного файла | Электрон. текстовые дан. (1 файл : 932 Кб) | |
| 260 | a | Место издания | Мурманск | |
| b | Издательство | Изд-во МГТУ | ||
| c | Дата издания | 2018 | ||
| 300 | a | Объем | 175 с. | |
| 500 | a | Примечание | Доступ из локальной сети Мурман. гос. техн. ун-та. - Загл. с экрана. - Имеется печ. аналог 2018 г. | |
| 504 | a | Библиография | Библиогр.: с. 175 | |
| 583 | x | Служебное примечание | Иностр. яз. ВПО | |
| x | Служебное примечание | Техническая эксплуатация транспортного радиооборудования. ВПО | ||
| x | Служебное примечание | Труды преподавателей МГТУ | ||
| x | Служебное примечание | Полнотекстовые документы | ||
| z | Открытое примечание | 25.05.03 | ||
| 650 | 04 | a | Основная рубрика | Английский язык для моряков-Учебные издания для высших учебных заведений |
| 650 | 04 | a | Основная рубрика | Радиосвязь на морском транспорте-Учебные издания для высших учебных заведений |
| 653 | 0_ | a | Ключевые слова | Английский язык; Английский язык для морских специальностей; Английский язык для радиоинженеров; Радиосвязь судовая; Электронные версии |
| 856 | 40 | u | URL | https://elib.mauniver.ru/2019/U_19_09.pdf |
| 901 | t | Тип документа | m | |
| 952 | b | Гриф литературы для ВШ | Допущено Ученым советом МГТУ | |
| c | Вид литературы | учебное пособие |